000 00550nam a2200169Ia 4500
005 20260601193226.0
008 260601s9999||||xx |||||||||||||| ||und||
020 _a978-3-031-49071-2
_qebk
100 _aMax Smith-Creasey
245 0 _aContinuous Biometric Authentication Systems
250 _a1st ed. 2024
260 _aHeidelberg, Germany
_bSpringer Nature
_c2024
440 _aSpringerBriefs in Computer Science
650 _aComputer Science
856 _uhttps://link.springer.com/openurl?genre=book&isbn=978-3-031-49071-2
942 _cEB
_2ddc
999 _c55952
_d55952